000 00393nam a2200133 4500
999 _c6250
_d6250
008 170218b xxu||||| |||| 00| 0 eng d
082 _aDPer 910.5 T69 Jan-Aug 2015 v. 1-4
245 _aMake it your own.
260 _aPhilippines:
_bOne Mega Group,
_c©2015.
300 _av2, page 110:
_billustrations;
_c28 cm.
500 _aTravel Now.
650 0 _918843
_aFood
_xPasta
942 _2ddc
_cPER